Chansons les plus streamées : Joe Dassin - Statistiques

Statistiques générales
  • Ce quiz a été pris 214 fois
    54 depuis la dernière actualisation
  • Le résultat moyen est 5 sur 10
Statistiques - réponses
Nb de streams Chanson % Correct
133 500 000 Les Champs-Elysées
85%
52 500 000 Dans les yeux d'Émilie
80%
52 000 000 Siffler sur la colline
74%
50 000 000 L'été indien
70%
13 000 000 Salut
48%
97 500 000 Et si tu n'existais pas
39%
14 500 000 Le petit pain au chocolat
35%
23 500 000 Salut les amoureux - City of New Orleans
33%
15 000 000 A ti
28%
41 500 000 À toi
28%
Aucun quiz correspondant
Distribution des résultats
% des personnes avec chaque résultat
Percentile par nombre de réponses
Votre historique - résultats
Vous n’avez pas pris ce quiz depuis la dernière actualisation